World rule : (Record no. 22036)
[ view plain ]
| 000 -LEADER | |
|---|---|
| fixed length control field | 03000cam a22003135a 4500 |
| 001 - CONTROL NUMBER | |
| control field | 16101252 |
| 005 - DATE AND TIME OF LATEST TRANSACTION | |
| control field | 20160726145446.0 |
| 008 - FIXED-LENGTH DATA ELEMENTS--GENERAL INFORMATION | |
| fixed length control field | 100222s2010 ilua frb 001 0 eng d |
| 010 ## - LIBRARY OF CONGRESS CONTROL NUMBER | |
| LC control number | 2010007677 |
| 020 ## - INTERNATIONAL STANDARD BOOK NUMBER | |
| International Standard Book Number | 0226450996 (pbk. : alk. paper) |
| 020 ## - INTERNATIONAL STANDARD BOOK NUMBER | |
| International Standard Book Number | 9780226450995 (pbk. : alk. paper) |
| 040 ## - CATALOGING SOURCE | |
| Original cataloging agency | ICU/DLC |
| Language of cataloging | eng |
| Transcribing agency | DLC |
| Modifying agency | EG-ScBUE |
| 042 ## - AUTHENTICATION CODE | |
| Authentication code | pcc |
| 082 04 - DEWEY DECIMAL CLASSIFICATION NUMBER | |
| Classification number | 341.2 |
| Edition number | 22 |
| Item number | KOP |
| 100 1# - MAIN ENTRY--PERSONAL NAME | |
| Personal name | Koppell, Jonathan G. S. |
| 9 (RLIN) | 40465 |
| 245 10 - TITLE STATEMENT | |
| Title | World rule : |
| Remainder of title | accountability, legitimacy, and the design of global governance / |
| Statement of responsibility, etc | Jonathan G.S. Koppell. |
| 260 ## - PUBLICATION, DISTRIBUTION, ETC. (IMPRINT) | |
| Place of publication, distribution, etc | Chicago ; |
| -- | London : |
| Name of publisher, distributor, etc | University of Chicago Press, |
| Date of publication, distribution, etc | c.2010. |
| 300 ## - PHYSICAL DESCRIPTION | |
| Extent | xiv, 359 p. : |
| Other physical details | ill. ; |
| Dimensions | 24 cm. |
| 500 ## - GENERAL NOTE | |
| General note | Index : p. 351-359. |
| 504 ## - BIBLIOGRAPHY, ETC. NOTE | |
| Bibliography, etc | Bibliography : (p. [325]-350). |
| 505 0# - FORMATTED CONTENTS NOTE | |
| Formatted contents note | The organization of global rulemaking -- The emerging reality of global governance -- What the design of global governance organizations tells us -- The logic of global governance -- Plan of the book -- Accountability and legitimacy-authority tension in global governance -- Concepts of accountability -- Disentangling legitimacy and authority -- Complementary and conflicting demands -- What makes GGOs different? -- Introduction to the GGO sample and their core characteristics -- Sorting out the universe of organizations -- GGOs included in this study -- Core characteristics of GGOs -- Structure and administration of GGOs -- Variations in GGO structure -- Implications -- Rulemaking in global governance organizations -- Variation in GGO rulemaking -- Patterns of global rulemaking -- Implications -- The riddle of global adherence -- Variations in global adherence regime -- Patterns of GGO adherence -- Implications of adherence approach -- Interest groups and global governance -- Transnational interest group variation -- Patterns of interest group variation -- GGO authority and the satisfaction of interest groups -- Cooperation and competition in global governance -- Global governance as a competitive marketplace -- Conclusion: models of global governance and accountability -- Putting it all together: three models of global governance. |
| 520 ## - SUMMARY, ETC. | |
| Summary, etc | Dilemmas from climate change to financial meltdowns make it clear that global interconnectedness is the norm in the twenty-first century. As a result, global governance organizations (GGOs)--from the World Trade Organization to the Forest Stewardship Council--have taken on prominent roles in the management of international affairs. These GGOs create and promulgate rules to address a host of pressing problems. But as World Rule reveals, they struggle to meet two challenges: building authority despite limited ability to impose sanctions and maintaining legitimacy while satisfying the demands of ke. |
| 650 #7 - SUBJECT ADDED ENTRY--TOPICAL TERM | |
| Topical term or geographic name as entry element | International organization. |
| Source of heading or term | BUEsh |
| 9 (RLIN) | 3660 |
| 650 #7 - SUBJECT ADDED ENTRY--TOPICAL TERM | |
| Topical term or geographic name as entry element | International cooperation. |
| Source of heading or term | BUEsh |
| 9 (RLIN) | 32142 |
| 650 #7 - SUBJECT ADDED ENTRY--TOPICAL TERM | |
| Topical term or geographic name as entry element | Legitimacy of governments. |
| Source of heading or term | BUEsh |
| 9 (RLIN) | 11815 |
| 651 ## - SUBJECT ADDED ENTRY--GEOGRAPHIC NAME | |
| Source of heading or term | BUEsh |
| 653 ## - INDEX TERM--UNCONTROLLED | |
| Resource For college | Law |
| Arrived date list | July2016 |
| 942 ## - ADDED ENTRY ELEMENTS (KOHA) | |
| Source of classification or shelving scheme | Dewey Decimal Classification |
| Edition | 22 |
| Call number prefix | 341.2 KOP |
| Withdrawn status | Item status | Source of classification or shelving scheme | Damaged status | Not for loan | Vendor | Home library | Current library | Shelving location | Date acquired | Source of acquisition | Cost, normal purchase price | Serial Enumeration / chronology | Total Checkouts | Full call number | Barcode | Date last seen | Date last borrowed | Cost, replacement price | Koha item type |
|---|---|---|---|---|---|---|---|---|---|---|---|---|---|---|---|---|---|---|---|
| Dewey Decimal Classification | Baccah | Central Library | Central Library | First floor | 26/07/2016 | Purchase | 288.00 | 26080 | 1 | 341.2 KOP | 000032964 | 15/07/2025 | 07/02/2024 | 360.00 | Book - Borrowing |